000 00870cab a2200253 4500
001 WB3127-24
008 090401t1995 xxu||||| |||| 00| 0 eng d
035 _a(Sirsi) u28961
041 _aeng
245 _aRent review arbitration
260 _c1995
350 _a0
490 _aEstates Gazette Case Summaries
_v(1995) EGCS 119(1) (8/7/95)
520 _a"Euripides v Gascoyne Holdings Ltd" CA 27 June 1995. The wrong test was held to have been applied for leave to appeal out of time an arbitration award. The CA found no prima facie error of law in the arbitrator`s assessment.
650 _aARBITRATION AWARDS
650 _aERROR OF LAW
650 _aLEAVE TO APPEAL
650 _aOUT OF TIME
650 _aRENT REVIEWS
690 _aARBITRATION-CASE LAW
690 _aLANDLORD AND TENANT-CASE LAW-RENT REVIEWS
942 _n0
948 _c04/03/1997
999 _c19487
_d19487